My watch

Gardado en:
Detalles Bibliográficos
Autor Principal: OBASANJO, Olusegun
Formato: Libro
Idioma:inglés
Publicado: Kachifo Publishers, 2014
Tags: Engadir etiqueta
Sen Etiquetas, Sexa o primeiro en etiquetar este rexistro!

MARC

LEADER 00000nam a22000007a 4500
008 201216b ||||| |||| 00| 0 eng d
020 |a ISBN: 978-978-53163-4-6 
100 |a OBASANJO, Olusegun 
245 |a My watch  |c Olusegun Obasanjo  |g  656p.; ill. 
260 |b Kachifo Publishers,  |c  2014  |h Lagos:  |i 681065)   |i 681066)  |i 681067)   |l PL8824.Ob1  |m Obasanjo, Olusegun  |m Heads of State – Nigeria – Biography  |m Generals – Nigeria – Biography  |m Nigeria – Politics and government – 1993-2007  |m Nigeria – Politics and government – 1960 
500 |a “ It includes index in volumes” 
942 |a lcc  |c BK  |e Olagoke,M A  |f 16/12/2020 
999 |c 330  |d 330